000 00393nam a2200097Ia 4500
008 180130s9999 xx 000 0 und d
245 _cMioni, Giovanna; McClintock, Shawn M.; Stablum, Franca
_aUnderstanding, assessing and treating computer science technology
260 _c2015
300 _aBook title: Computer science handbook--Acession number C20740; pages 25-66
650 _aCOMPUTER SCIENCE
999 _c353825
_d353825